Państwa - posiadacze 240 największych wysp świata - Statystyki

Ogólne statystyki
  • Ten quiz został rozwiązany 3 352 razy
    3 344 od ostatniego zresetowania
  • Średni wynik to 30 z 47
Statystyki odpowiedzi
Kraj Wyspy % Poprawnych
Stany Zjednoczone 19
95%
Dania 9
93%
Rosja 20
93%
Japonia 4
92%
Kanada 39
91%
Wielka Brytania 8
91%
Australia 5
90%
Francja 4
87%
Hiszpania 3
87%
Indonezja 40
87%
Norwegia 6
86%
Szwecja 1
85%
Chiny 1
84%
Nowa Zelandia 3
84%
Włochy 2
84%
Grecja 3
78%
Brazylia 4
77%
Madagaskar 1
77%
Argentyna 1
75%
Chile 8
72%
Kuba 2
72%
Irlandia 1
71%
Islandia 1
69%
Filipiny 11
68%
Dominikana 1
64%
Malezja 1
63%
Haiti 1
62%
Sri Lanka 1
60%
Cypr 1
58%
Jamajka 1
57%
Papua-Nowa Gwinea 4
55%
Korea Południowa 1
53%
Kolumbia 1
48%
Ekwador 1
46%
Tajwan 1
45%
Bahamy 2
43%
Fidżi 2
43%
Estonia 1
37%
Wyspy Salomona 6
34%
Jemen 1
28%
Vanuatu 2
28%
Timor Wschodni 1
27%
Brunei 1
25%
Samoa 1
25%
Mauritius 1
24%
Trynidad i Tobago 1
24%
Gwinea Równikowa 1
14%
Nie znaleziono quizów pasujących do podanych kryteriów
Rozkład punktacji
Procent ludzi z każdym wynikiem
Percentyl według liczby udzielonych odpowiedzi
Twoja historia wyników
Nie rozwiązałeś tego quizu od ostatniego zresetowania